Loading...
History - World History | 1 | 2 | 0 | 0 | 35 | 59 | 91.67 | 0 | 3 |
History - American History | 0 | 3 | 0 | 3 | 30 | 129 | 135.67 | 0 | 1 |
Other Arts: Auditory | 1 | 1 | 0 | 0 | 25 | 71 | 74.00 | 2 | 2 |
History - European History | 0 | 2 | 0 | 1 | 20 | 106 | 118.00 | 0 | 2 |
Other Academic | 0 | 2 | 0 | 1 | 20 | 122 | 129.00 | 0 | 0 |
Current Events | 1 | 0 | 0 | 0 | 15 | 45 | 45.00 | 1 | 1 |
Literature - British Literature | 1 | 0 | 0 | 0 | 15 | 22 | 22.00 | 0 | 1 |
Fine Arts - Auditory Fine Arts | 1 | 0 | 0 | 0 | 15 | 47 | 47.00 | 0 | 1 |
Other Arts: Visual | 0 | 1 | 0 | 0 | 10 | 89 | 89.00 | 0 | 1 |
British and Commonwealth History | 0 | 1 | 0 | 0 | 10 | 78 | 78.00 | 0 | 1 |
Beliefs | 0 | 0 | 0 | 0 | 0 | 0.00 | 0 | 0 | |
Social Science | 0 | 0 | 0 | 0 | 0 | 0.00 | 0 | 0 | |
World and Other Literature | 0 | 0 | 1 | 0 | -5 | 0.00 | 0 | 0 |